| 000 | 00909nam a2200289Ia 4500 | ||
|---|---|---|---|
| 003 | GCL | ||
| 008 | 140319s9999 xx 000 0 ara d | ||
| 040 |
_aGCL / _cGCL |
||
| 082 | 0 | 4 |
_a701.18 _bم ف |
| 100 | 1 | _aمختار العطار | |
| 245 | 1 | 0 |
_aالفن والحداثة بين الامس واليوم / _cمختار العطار |
| 260 |
_a[S.N] : _bالهيئة المصرية العامة للكتاب ، _c1992 |
||
| 300 | _a119 ص | ||
| 490 |
_aدراسات فى نقد الفنون الجميلة _v0 |
||
| 650 | 0 | 4 | _aالفنون الجميلة |
| 650 | 0 | 4 | _aالفن |
| 650 | 0 | 4 | _aالنحت |
| 650 | 0 | 4 | _aالرسم |
| 650 | 0 | 4 | _aالزخرفة |
| 650 | 0 | 4 | _aالفن الحديث |
| 650 | 0 | 4 | _aالتعبيرية |
| 650 | 0 | 4 | _aالتكعيبية |
| 650 | 0 | 4 | _aالتصوير |
| 650 | 0 | 4 | _aالفنون التجريدية |
| 650 | 0 | 4 | _aتاريخ ونقد |
| 942 |
_2ddc _cBK |
||
| 999 |
_c58493 _d58493 |
||